000 00622cam a2200205 i 4500
005 20251113113400.0
008 250721s2012 ua gr 000 0 ara d
020 _a9789774363176
041 1 _aara
_heng
082 1 4 _a194
_bا ع ت
245 1 0 _aاعترافات جاك روسو /
_cترجمة وتعليق علي رمضان فاضل.
250 _aالطبعة الأولى.
264 3 1 _aالقاهرة :
_bمكتبة النافذة،
_c2012.
300 _a129صفحة.
650 1 7 _aالفلسفة.
650 1 7 _aالغرب.
650 1 7 _aفرنسا.
942 _2ddc
_cBK
999 _c126065
_d126065